000 00369 a2200145 4500
999 _c323080
_d323080
001 88007
003 NUST
005 20180120153649.0
008 180120b xxu||||| |||| 00| 0 eng d
082 _a658.787 MUL
100 _aMax Muller
_99283
245 _aEssentials of Inventory Management, 2/e
_cMax Muller
_hEnglish
250 _a2nd
260 _aNew york
_bAMACOM
_c2011
300 _axiv, 257 p.
_bHb
500 _aDOS textbook
942 _aCAE NUST
_cBK
_k658.787 MUL
_2ddc